Cargando...

Political economy of commerce southern India 1500-1650 /

Detalles Bibliográficos
Autor Principal: Sanjay Subrahmanyam
Formato: Printed Book
Idioma:English
Publicado: New York: Cambridge university press, 2004.
Edición:1 st ed.
Subjects:
LEADER 00705cam a2200229ua 4500
008 070620t2004||||||||||| 001 ||eng c
020 |a 81-7596-194-5 
041 0 |a eng 
082 |a 330.954  |b SAN/P 
100 0 |a Sanjay Subrahmanyam,  
245 0 0 |a Political economy of commerce southern India 1500-1650 /  
250 |a 1 st ed. 
260 |a New York:  |b Cambridge university press,  |c 2004. 
300 |a 399p.. 
362 1 |a 2004. 
365 |a Rs  |e pb 
500 |a Includes index. 
650 |a Indian economy 
650 0 |a Indian commerce 
942 |c BK 
999 |c 15000  |d 15000 
952 |0 0  |1 0  |4 0  |6 330_954000000000000_SAN  |7 0  |9 15646  |a KUCL  |b KUCL  |d 2014-05-23  |l 0  |o 330.954 SAN/  |p 17389  |r 2014-05-23  |w 2014-05-23  |y BK